<The> Relationship between profitability and capital structure of the agricultural holdings in the Czech Republic

Článok sa pokúša prispieť k finančnej analýze poľnohospodárskych podnikov v Česku a zhodnotiť vplyv krátkodobého a dlhodobého dlhu na ziskovosť podnikov. Testovanie hypotéz.

Salvato in:
Dettagli Bibliografici
Autore principale: Steklá, Jana
Altri autori: Grycová, Marta
Natura: Capitolo di libro
Lingua:inglese
Soggetti:
Tags: Aggiungi Tag
Nessun Tag, puoi essere il primo ad aggiungerne!!

MARC

LEADER 00000naa a2200000 4500
001 0224021
005 20221019173402.1
041 0 |a eng 
044 |a CZ 
245 1 0 |a <The> Relationship between profitability and capital structure of the agricultural holdings in the Czech Republic  |c Jana Steklá, Marta Grycová 
520 |a Článok sa pokúša prispieť k finančnej analýze poľnohospodárskych podnikov v Česku a zhodnotiť vplyv krátkodobého a dlhodobého dlhu na ziskovosť podnikov. Testovanie hypotéz. 
610 2 0 |a podnik poľnohospodársky 
610 2 0 |a dlhy 
610 2 0 |a zisk podnikový 
610 2 0 |a analýza finančná 
610 2 0 |a Česko 
100 1 |a Steklá, Jana 
700 1 |a Grycová, Marta